| 000 | 00849nam a22002537a 4500 | ||
|---|---|---|---|
| 003 | DO-SdBNP | ||
| 005 | 20230822110809.0 | ||
| 006 | a||||gr|||| 00| 0 | ||
| 007 | ta | ||
| 008 | 230822b1992 dr ||||| |||| 00| e spa d | ||
| 040 |
_aDO-SdBNP _bspa _cBNPHU _erda |
||
| 082 | 4 |
_222 _bC119p |
|
| 245 | 1 | 0 |
_aPitágoras y Desoto: _bdos maestros y una escuela o ¿sera el mismo?. / _cMaribel Cachadiña de Bueno; prólogo, Gonzalo Panadero Aguilar. |
| 264 | 1 |
_aSanto Domingo : _bCorripio, _c1992 |
|
| 300 |
_a312 páginas ; _c20 cm. |
||
| 336 |
_2rdacontent _atexto _btxt |
||
| 337 |
_2rdamedia _asin mediación _bn |
||
| 338 |
_2rdacarrier _avolumen _bnc |
||
| 590 | _aInventariado 2023 / MF | ||
| 600 | 4 |
_aPitágoras _941738 _xBiografía |
|
| 600 | 4 |
_aDesoto _xBiografía _984000 |
|
| 700 | 1 | 0 |
_aPanadero Aguilar. Gonzalo, _eprólogo _983999 |
| 942 |
_2ddc _cLBS1 |
||
| 999 |
_c54504 _d54504 |
||